Effect of organic nutrition on the nutritional status and yield of red cabbage plants in sandy soil (Record no. 61587)

MARC details
000 -LEADER
fixed length control field 02683cab a2200325Ia 45 0
001 - CONTROL NUMBER
control field u212881
003 - CONTROL NUMBER IDENTIFIER
control field SIRSI
008 - FIXED-LENGTH DATA ELEMENTS--GENERAL INFORMATION
fixed length control field 101023s2016 ua ss b eng d
040 ## - CATALOGING SOURCE
Original cataloging agency EAL
041 ## - LANGUAGE CODE
Language code of text/sound track or separate title eng
Language code of summary or abstract ara
090 ## - LOCALLY ASSIGNED LC-TYPE CALL NUMBER (OCLC); LOCAL CALL NUMBER (RLIN)
Classification number (OCLC) (R) ; Classification number, CALL (RLIN) (NR) ART MJAR V41 No1 Pt1 8
100 1# - MAIN ENTRY--PERSONAL NAME
Personal name Abou-El-Hassan, S.
240 10 - UNIFORM TITLE
Uniform title Minufiya journal of agricultural research, 2016 v.41 (1)
Number of part/section of a work Part 1
Medium [electronic resource].
245 10 - TITLE STATEMENT
Title Effect of organic nutrition on the nutritional status and yield of red cabbage plants in sandy soil
Medium [electronic resource].
246 15 - VARYING FORM OF TITLE
Title proper/short title تأثير التغذية العضوية على الحالة الغذائية والمحصول لنباتات الكرنب الاحمر في التربة الرملية.
300 ## - PHYSICAL DESCRIPTION
Extent P.91-101.
504 ## - BIBLIOGRAPHY, ETC. NOTE
Bibliography, etc. note Includes references.
520 ## - SUMMARY, ETC.
Summary, etc. The objective of this research was to investigate the ability of improving nutritional status and the yield of red cabbage hybrid type(Lisa F1) using organic nutrition with compost, humic acid and effective microorganisms in sandy soil. The experiment was conducted in the Experimental Farm of Arid Land Agricultural Research and Service Center (ALARC), Faculty of Agriculture, Ain Shams University, Cairo, Egypt; during the two successive winter seasons of 2012/2013 and 2013/2014. Two rates of compost (R1C equal 6.25 and R2Cequal 9.38 ton/feddan as 100 and 150% of recommended nitrogen respectively) with or wUhout additions of humic acid and effective microorganisms (EM) individually or in combinations, were investigated comparing to recommended mineral fertilizers of NPK (control) on nutritional status and yield component of red cabbage. The results showed that R1C and R2C+humic acid + EM and R2C + EM only gave significantly superior in nutrient concentrations and yield component of red cabbage compared to recommended mineral fertilizer. It is recommended that organic nutrition of red cabbage in sandy soil can be performed successfully by applying 9.38 ton/feddan ofcompost with adding EM, as well as using 6.25 ton/feddan of compost with adding humic acid and EM to improve nutritional status and yield of red cabbage. Keywords: Red cabbage, Organic nutrition, Compost, Humic acid, Effective microorganisms (EM), Sandy soil.
546 ## - LANGUAGE NOTE
Language note Summary in Arabic.
596 ## -
-- 1
650 #0 - SUBJECT ADDED ENTRY--TOPICAL TERM
Topical term or geographic name entry element Cabbage
General subdivision Fertilizers.
650 #0 - SUBJECT ADDED ENTRY--TOPICAL TERM
Topical term or geographic name entry element Organic fertilizers.
650 #0 - SUBJECT ADDED ENTRY--TOPICAL TERM
Topical term or geographic name entry element Compost.
650 #0 - SUBJECT ADDED ENTRY--TOPICAL TERM
Topical term or geographic name entry element Humic acid.
650 #0 - SUBJECT ADDED ENTRY--TOPICAL TERM
Topical term or geographic name entry element Sandy soils.
700 1# - ADDED ENTRY--PERSONAL NAME
Personal name Ahmed, S. H.
700 1# - ADDED ENTRY--PERSONAL NAME
Personal name El-Shinawy, M. Z.
773 0# - HOST ITEM ENTRY
Title Minufiya Journal of Agricultural Research.
Related parts 2016.v.41(1)
Note Part 1
International Standard Serial Number 1110-0265
Control subfield nnas
Record control number u158151
856 40 - ELECTRONIC LOCATION AND ACCESS
Uniform Resource Identifier <a href="http://nile.enal.sci.eg/EALE/2016/MJAR/4116/1p1/91.pdf">http://nile.enal.sci.eg/EALE/2016/MJAR/4116/1p1/91.pdf</a>
Public note Full Text Article
942 ## - ADDED ENTRY ELEMENTS (KOHA)
Koha item type Articles
Source of classification or shelving scheme Library of Congress Classification
Holdings
Withdrawn status Lost status Source of classification or shelving scheme Damaged status Not for loan Home library Current library Date acquired Total Checkouts Full call number Date last seen Price effective from Koha item type
    Alphabetical Classification     Main Main 12/11/2019   ART MJAR V41 No1 Pt1 8 12/11/2019 12/11/2019 Articles

Home | About ENAL | Collections | Services | Activities | Calendar | Contact us

7 Nadi El Sayed St., Giza, Egypt | Phone:02-33351121 +02-33351313 | 
| Email: enalegypt@gmail.com